000
00445nam a22001337a 4500
003
SGT
020
_a
8189244353
082
_a
891.4309
_b
M08S
100
_a
स्प्रे, अशोक
245
_a
माधवराव स्प्रे : व्यक्तित्व एवं कृत्तित्व
260
_b
पं माधवराव स्प्रे साहित्य
_c
2008
300
_a
175
942
_2
ddc
_c
BK
999
_c
29734
_d
29734